00783 a2200181 45000010006000000050017000060080041000230030015000640400040000790800038001192450048001572640077002053000019002825050248003010410008005491000021005577000023005785421220260407155812.0260407a1977 arg spa dAR-UNSa-BCEJYS aAR-UNSa-BCEJYSbspacAR-UNSa-BCEJYS a336.74xMoneda. Sistema monetario10aEconomía monetariapselección de textos 1aMéxico :bCEMLA (Centro de Estudios Monetarios Latinoamericanos)c1977 a290 p.c20 cm. aPrimera parte: Estudios monetarios: Evaluación y perspectivas - Segunda parte: Aspectos teóricos de los modelos monetarios - Tercera parte: Política monetaria e inflación - Cuarta parte: Problemas monetarios de las economías abiertas aspa1 aBlejer, Mario I.1 aPorzecanski, A. C.